000 01004cam a2200229 4500
008 050126n2002 000 0 eng u
020 _a0110425324
035 _a(Sirsi) u128628
041 _aeng
245 _aCommonhold and Leasehold Reform Act 2002 (Commencement No.1, Savings and Transitional Provisions) (England) Order 2002
260 _aLondon
_bHMSO
_c2002
490 _aSI
_v2002: 1912
520 _aThis statutory instrument brings the following sections of the Commonhold and Leasehold Reform Act 2002 in relation to England into force 26 July 2002: ss114-120,125,127-128, 129-136, 137-147 160-161 and 162. View at www.legislation.hmso.gov.uk.
590 _aCLR
650 _aCOMMONHOLD AND LEASEHOLD REFORM ACT 2002
650 _aLONG LEASES
650 _aLEASEHOLDERS
650 _aENFRANCHISEMENT
690 _aLANDLORD AND TENANT-LEASEHOLD REFORM
856 _uhttps://www.legislation.hmso.gov.uk/si/si2002/20021912.htm
_zView the SI on the HMSO website...
942 _n0
999 _c103960
_d103960